Queer crafts : (Registro nro. 326395)
[ vista simple ]
| 000 -ENCABEZADO | |
|---|---|
| Número de control [NR] | 01469nam a22003017a 4500 |
| 005 - FECHA Y HORA DE LA ÚLTIMA TRANSACCIÓN | |
| control field | 20260514085107.0 |
| 008 - DE LONGITUD FIJA DE DATOS DE ELEMENTOS - INFORMACIÓN GENERAL | |
| Elementos de longitud fija [NR] | 260512t2026 |||||||| |||| 00| 0 eng d |
| 020 ## - NUMERO INTERNACIONAL NORMALIZADO PARA LIBROS [R] | |
| Número Internacional Normalizado del libro [NR] | 9781350359352 |
| 040 ## - FUENTE DE CATALOGACION [NR] | |
| Agencia de catalogación original [NR] | CO-BoUCM |
| Idioma de catalogación [NR] | eng |
| Quien Cataloga | Stefania Borbon |
| Quien Clasifica | Stefania Borbon |
| 041 ## - CODIGO DE IDIOMA [R] | |
| Código de idioma para texto/pista de sonido o título separado [R] | Inglés |
| 100 ## - ASIENTO PRINCIPAL--NOMBRE PERSONAL [NR] | |
| Nombre personal [NR] | Fountain, Daniel |
| ID Autoridad | 189208 |
| 245 ## - MENCION DE TITULO [NR] | |
| Título [NR] | Queer crafts : |
| Parte restante del título [NR] | material practices and the making of identity / |
| Mención de responsabilidad, etc. [NR] | Daniel Fountain |
| 260 ## - PUBLICACION, DISTRIBUCION, ETC. (PIE DE IMPRENTA) [R] | |
| Lugar de publicación, distribución, etc. [R] | London : |
| Nombre del editor, distribuidor, etc. [R] | Bloomsbury Visual Arts, |
| Fecha de publicación, distribución, etc. [R] | 2026 |
| 300 ## - DESCRIPCION FISICA [R] | |
| Extensión [R] | 207 páginas ; |
| Otros detalles físicos [NR] | ilustraciones |
| 490 ## - MENCION DE SERIE [R] | |
| Mención de serie [R] | Critical craft studies |
| 500 ## - NOTA GENERAL [R] | |
| Nota general [NR] | "Bloomsbury Visual Arts" es un sello de Bloomsbury Publishing Plc |
| 504 ## - NOTA DE BIBLIOGRAFIA, ETC. [R] | |
| Nota de bibliografía, etc. [NR] | Incluye referencias bibliográficas e índices |
| 520 ## - NOTA DE RESUMEN, ETC. [R] | |
| Nota de sumario, etc. [NR] | Proporciona un estudio sobre la intersección dinámica de la identidad queer y la artesanía. Demuestra cómo los profesionales LGBTQ+ utilizan una variedad de materiales poderosos para la autoexpresión, la construcción de comunidades y la crítica social, reclamando historias y desafiando jerarquías a través de la práctica material. |
| 650 #4 - ASIENTO SECUNDARIO DE MATERIA - TERMINO TEMATICO [R] | |
| Término temático o nombre geográfico como elemento de entrada [NR] | Artes decorativas |
| Subdivisión general [R] | Historia |
| Subdivisión geográfica [R] | Siglo XXI. |
| 9 (RLIN) | 189209 |
| 650 #4 - ASIENTO SECUNDARIO DE MATERIA - TERMINO TEMATICO [R] | |
| Término temático o nombre geográfico como elemento de entrada [NR] | Identidad de género en el arte |
| 9 (RLIN) | 188655 |
| 650 #4 - ASIENTO SECUNDARIO DE MATERIA - TERMINO TEMATICO [R] | |
| Término temático o nombre geográfico como elemento de entrada [NR] | Minorías sexuales |
| 9 (RLIN) | 175502 |
| 650 #4 - ASIENTO SECUNDARIO DE MATERIA - TERMINO TEMATICO [R] | |
| Término temático o nombre geográfico como elemento de entrada [NR] | Artesanía |
| Subdivisión general [R] | Aspectos sociales |
| 9 (RLIN) | 189210 |
| 700 1# - ASIENTO SECUNDARIO - NOMBRE PERSONAL [R] | |
| Nombre personal [NR] | Dugdale, Louise |
| 9 (RLIN) | 189211 |
| 700 1# - ASIENTO SECUNDARIO - NOMBRE PERSONAL [R] | |
| Nombre personal [NR] | Schmits, Rose |
| Término de relación [R] | ilustrador |
| 9 (RLIN) | 189212 |
| 765 ## - ASIENTO DE IDIOMA ORIGINAL [R] | |
| Título [NR] | Ingles |
| 942 ## - ELEMENTOS DE ENTRADA AGREGADOS (KOHA) | |
| Sistema de clasificación | DEWEY |
| Tema principal | Arte |
| Tipo de ítem principal el descrito en 300a | Libro |
| Edición | 1 |
| Clasificación | 745.0866 |
| Parte restante de la signatura top. | F771q |
| Total préstamos | Signatura topográfica | Código de barras | Última vez visto | Ejemplar | Price effective from | Tipo de ítem | Nota pública (OPAC) | Perdido | Sistema de clasificación | Dañado | No prestable | Tipo de ítem específico | Suprimido | Ubicación habitual | Ubicación actual | Localización | Fecha de creación | Forma de adquisición | Costo |
|---|---|---|---|---|---|---|---|---|---|---|---|---|---|---|---|---|---|---|---|
| 745.0866 F771q | 100175262 | 14/05/2026 | Ej.1 | 12/05/2026 | Libro | Spot Estudios de Género | DEWEY | Libro | Claustro | Claustro | 3er piso - Research commons | 12/05/2026 | Compra | 147760.00 |